La revolución de julio

Spremljeno u:
Bibliografski detalji
Glavni autor: Pérez Galdós, Benito (Autor)
Format: Knjiga
Jezik:španjolski
Izdano: Madrid Alianza-Hernando 1979
Serija:Episodios Nacionales, 34. Cuarta Serie
Teme:
Oznake: Dodaj oznaku
Bez oznaka, Budi prvi tko označuje ovaj zapis!

MARC

LEADER 00000nam a2200000 a 4500
001 UCQ5433
003 CL-VaPUC
008 980925e19790000SP |||||||||||||||||spa|d
082 0 4 |a 863  |b PER  |2 21 
100 0 |a Pérez Galdós, Benito  |e author  |9 318144 
245 1 3 |a La revolución de julio 
300 |a 203 p 
942 |c BK 
945 |d 19980925 00:00:00  |a crobeson 
260 |a Madrid  |b Alianza-Hernando  |c 1979 
650 0 |a Novelas españolas  |9 265052 
650 0 |a Literatura española  |9 306261 
583 |a last modification  |c 19980925 00:00:00  |k Rodrigo Vera 
490 0 |a Episodios Nacionales, 34. Cuarta Serie 
999 |c 275645  |d 275643 
952 |0 0  |1 0  |4 0  |6 863_000000000000000_PER_1979  |7 0  |8 A  |9 312426  |a BIBEDU  |b BIBEDU  |d 2019-11-20  |i 1472615  |o 863 PER 1979  |p 1472615  |r 2019-11-20  |w 2019-11-20  |y BK  |k LIT